| 000 | 00896nam a2200229 i 4500 | ||
|---|---|---|---|
| 001 | 135172 | ||
| 003 | ES-MaACL | ||
| 005 | 20230906194824.0 | ||
| 007 | t| | ||
| 008 | 070711s1948 dr ab |||| | spa d | ||
| 100 | 1 |
_aTolentino Rojas, Vicente. _9110459 |
|
| 245 | 1 | 0 |
_aReseña geográfica, histórica y estadística de la República Dominicana / _cpor Vicente Tolentino Rojas. |
| 250 | _aEd. rev. y aum. | ||
| 260 |
_aCiudad Trujillo : _bSección de Publicaciones, _c1948. |
||
| 300 |
_a3 h., 86 p., 1 map. pleg. : _bil. ; _c21 cm. |
||
| 596 | _aPrecede al tít.: Dirección General de Estadística. | ||
| 597 | _aEjemplar mecanografiado. | ||
| 651 | 4 |
_aRepública Dominicana- _xDescripción. _9142154 |
|
| 651 | 4 |
_aRepública Dominicana- _xHistoria- _y1930-1961. _9155367 |
|
| 710 | 1 |
_aRepública Dominicana. _bDirección General de Estadística. _9169305 |
|
| 852 |
_aES-MaACL _j1888-F-14 |
||
| 999 |
_c135172 _d135172 |
||